Vybrané aspekty pracovnej migrácie v Slovenskej republike

Bibliographic Details
Main Authors: Kostolná, Zuzana (Author), Hanzelová, Eneke (Author)
Format: Article
Language:Slovak
PhysicalDescription:Lit. 11 zázn. v angl., slov.
ISSN:1210-5643
Subjects:

MARC

LEADER 00000nab a2200000 a 4500
001 vtls000599339
003 SK-MaSNL
005 20260304094851.0
008 250425c1996 xo 0 slo
015 |a SNBRB19rr/mm-uuuuu 
035 |a CL0599478 
035 |a urn:nbn:sk:snk-ab2zzx 
035 |a (urnnbn)urn:nbn:sk:snk:ar-a04bug 
035 |a (uuid)a25d8fa5-09c8-410f-9f42-f07fa6cb0855 
040 |a SNKBUCL  |b slo  |c SNKBUCL  |e AACR2 
041 0 |a slo 
044 |a xo  |c SK 
080 |a 331.5(437.6):325(437.6)  |2 1981 
080 |a 325(437.6)  |2 1981 
100 1 |a Kostolná, Zuzana  |4 aut  |9 9913 
245 1 0 |a Vybrané aspekty pracovnej migrácie v Slovenskej republike  |c Zuzana Kostolná, Eneke Hanzelová 
300 |b Lit. 11 zázn. v angl., slov. 
650 0 7 |a pracovná migrácia  |2 snkbucl  |9 2340 
655 7 |a články z novín a časopisov  |2 snkbucl  |9 267496 
700 1 |a Hanzelová, Eneke  |4 aut  |9 11868 
773 0 |t Práca a sociálna politika  |g Roč. 4, č. 7-8 (1996), s. 9-10  |x 1210-5643 
850 |a Slovenská národná knižnica 
852 |a Slovenská národná knižnica 
954 |a odborná, vedecká literatúra pôvodná (slovenská)  |2 lita 
958 |a article27 
958 |a NB 
958 |a RK 
958 |a SK 
958 |a OND 
958 |a EUIPO 
992 |a RBX 
999 |c 2829374  |d 2831304